La industria minero-metalúrgica en Mazarrón (Record no. 172257)

MARC details
000 -LEADER
campo de control de longitud fija 00578nam a22001695i 4500
001 - NÚMERO DE CONTROL
campo de control 172257
003 - IDENTIFICADOR DE NÚMERO DE CONTROL
campo de control ES-MaACL
005 - FECHA Y HORA DE LA ÚLTIMA TRANSACCIÓN
campo de control 20230906214843.0
008 - DATOS DE LONGITUD FIJA--INFORMACIÓN GENERAL
campo de control de longitud fija 090622s1892 sp |||| | spa d
080 ## - NÚMERO DE LA CLASIFICACIÓN DECIMAL UNIVERSAL
Número de la Clasificación Decimal Universal 622
100 1# - ENTRADA PRINCIPAL--NOMBRE DE PERSONA
Nombre de persona Villasante y Gómez, Fernando B.
9 (RLIN) 140803
245 13 - MENCIÓN DEL TÍTULO
Título La industria minero-metalúrgica en Mazarrón
Resto del título : atlas /
Mención de responsabilidad, etc. por Fernando B. Villasante y Gómez.
260 ## - PUBLICACIÓN, DISTRIBUCIÓN, ETC.
Lugar de publicación, distribución, etc. Cartagena :
Nombre del editor, distribuidor, etc. [s.n.],
Fecha de publicación, distribución, etc. 1892 (
Fabricante Imp. y Lit. de Marcial Ventura)
300 ## - DESCRIPCIÓN FÍSICA
Extensión [12 h. de plan. pleg.] ;
Dimensiones 36 cm.
650 14 - PUNTO DE ACCESO ADICIONAL DE MATERIA--TÉRMINO DE MATERIA
Término de materia o nombre geográfico como elemento de entrada Minería-
Subdivisión geográfica Mazarrón.
9 (RLIN) 140804
852 ## - LOCALIZACIÓN
Ubicación ES-MaACL
Número de control de estantería C-1057
Holdings
Estatus retirado Estado de pérdida Estado de daño No para préstamo Colección Biblioteca de origen Biblioteca actual Ubicación en estantería Fecha de adquisición Fuente de adquisición Total de préstamos Signatura topográfica completa Código de barras Visto por última vez Precio de reemplazo Tipo de ítem Koha
        Libros del s. XIX Biblioteca del Ateneo de Madrid Biblioteca del Ateneo de Madrid Sala Palomar 22/06/2009     C-1057 1180772 23/02/2023 23/02/2023 Libro impreso antiguo